Мемуари.Щоденник (Запис № 17403)

000 -Маркер запису
Контрольне поле сталої довжини 01251nam a22002417a 4500
003 - Належність контрольного номера
Контрольне поле Uzh_bibl
008 - Кодовані дані
Контрольне поле сталої довжини 260420b |||||||| |||| 00| 0 ukr d
020 ## - Індекс ISBN
ISBN 966-530-021-0
Ціна 48.96
040 ## - Джерело каталогіз.
Код мови каталог. укр.
041 ## - Код мови видання
Код мови оригіналу українська
Код мови тексту українська
080 ## - Індекс УДК
Індекс УДК 94(477)
090 ## - Шифри
Поличний індекс 94(477)
Авторський знак Р 88
100 ## - Автор
Автор Русова,Софія
245 ## - Назва
Назва Мемуари.Щоденник
Відповідальність упорядкування Л.Божук
Фізичний носій Текст
260 ## - Вихідні дані
Місце видання Київ
Видавництво Поліграфкнига
Дата видання 2004
300 ## - Фізичний опис
Обсяг 544 с.
Тип одиниці В опр.
520 ## - Анотація
Анотація Книга «Мемуари. Щоденник» Софії Русової — це фундаментальне джерело спогадів визначної української педагогіки та громадської діячки кінця XIX – першої третини XX ст. Видання (зокрема, відоме видання 2004 року) висвітлює її життя, внесок у національну освіту та діяльність в еміграції.
521 ## - Примітка про цільове призначення
Примітка про цільове призначення Для широкого кола читачів
546 ## - Примітка про мову
Примітка про мову укр.
650 ## - Тематичні рубрики
Основна рубрика Літературно-художне видання
655 ## - Термін індексування — жанр/форма
Жанр/форма Мемуари
942 ## - ADDED ENTRY ELEMENTS (KOHA)
Джерело класифікації чи схема поличного розташування
Koha item type Книги
Фонди
Статус вилучення Статус втрати/відсутності Джерело класифікації чи схема поличного розташування Статус пошкодження Тип обігу (не для випозичання) Постійне розташування Поточне розташування Розташування у відділі Дата надходження Інвентарний номер Total Checkouts Повний (примірниковий) шифр зберігання Штрих-код Date last seen Дата, для якої чинна ціна заміни Тип одиниці (рівень примірника)
          Публічна бібліотека Публічна бібліотека Абонемент 20/04/2026 54080   94(477) 19323 20/04/2026 20/04/2026 Книги

Працює на АБІС Коха